| 000 | 00620nam a22002057a 4500 | ||
|---|---|---|---|
| 003 | OSt | ||
| 005 | 20240627094618.0 | ||
| 008 | 240627b |||||||| |||| 00| 0 eng d | ||
| 020 | _a9780750686655 | ||
| 040 |
_aDDC _cMUST |
||
| 082 |
_a338.604 BEN 1993 _b19 |
||
| 100 |
_aWard Keith and Bender Ruth. _918144 |
||
| 245 |
_aCorporate Finance Strategy/ _cRuth Bender and Keith Ward |
||
| 250 | _a3rd Edition | ||
| 260 |
_aNY: _bElsevier; _c1993. |
||
| 300 |
_avi,395p.: _bill,; _c24.6cm. |
||
| 504 | _aIncludes Bibliographical Indexes | ||
| 650 |
_2Corporate Finance _aFinancial Strategy. _918145 |
||
| 942 |
_2ddc _cO_SHELF |
||
| 999 |
_c8962 _d8962 |
||